000 01150nam a2200277 a 4500
001 BRCA_6829
005 20190320205617.0
008 081111s1858----enka######---#000-0#eng-#
041 _aeng
044 _aenk
050 4 _aF1213
_p.T45 1858
245 1 0 _aMitla
_ba narrative of incidents and personal adventures on a journey in Mexico, Guatemala, and Salvador in the years 1853 to 1855 with observations on the modes of life in those countries
_cby G. F. Tempsky ; edited by J. S. Bell
260 _aLondres
_bLongman, Brown, Green, Loangman & Roberts
_c1858
300 _axv, 439 p.
_bil., 16 láminas (algunas a color), mapas
_c23 cm.
500 _aEstado físico: lomo deteriorado, cubiertas maltratadas y algunas páginas desprendidas
500 _aO8
650 1 4 _aViajeros alemanes
_97026
651 4 _aMéxico
_xDescripción y viajes
_9103
651 4 _aGuatemala
_xDescripción y viajes
_9675
651 4 _aEl Salvador
_xDescripción y viajes
_9676
651 4 _aMitla, Oaxaca
_xDescripción y viajes
_917029
700 1 _aTempsky, G. F.
_eaut.
_917030
700 1 _aBell, James Stanislases
_eed.
_917031
902 _aGFM
942 _2lcc
_cB
999 _c6512
_d6512